Official Advanced Power Builder 6 : The Definitive Guide (Record no. 836958)

MARC details
000 -LEADER
fixed length control field 00327pam a2200133 a 4500
020 ## - INTERNATIONAL STANDARD BOOK NUMBER
Terms of availability
041 ## - LANGUAGE CODE
Language code of original
082 ## - DEWEY DECIMAL CLASSIFICATION NUMBER
Classification number -
100 ## - MAIN ENTRY--PERSONAL NAME
Personal name GORGANI (K)
Relator term author
245 ## - TITLE STATEMENT
Title Official Advanced Power Builder 6 : The Definitive Guide
Medium Textual Document
260 ## - PUBLICATION, DISTRIBUTION, ETC.
Name of publisher, distributor, etc. Moscow Progress Pub. B
Date of publication, distribution, etc. 1998
300 ## - PHYSICAL DESCRIPTION
Extent XXIV,612
930 ## - EQUIVALENCE OR CROSS-REFERENCE-UNIFORM TITLE HEADING [LOCAL, CANADA]
Uniform title 7553
Holdings
Withdrawn status Lost status Damaged status Not for loan Collection Home library Current library Date acquired Cost, normal purchase price Total Checkouts Full call number Barcode Date last seen Copy number Price effective from Koha item type
          Institute of Management & Research, New Delhi Institute of Management & Research, New Delhi 01/11/1998 375.00   - IMD-26PB0005437 17/08/2023 1 17/08/2023 Book